Going public : Mips computer and the entrepreneurial dream
Uloženo v:
| Hlavní autor: | |
|---|---|
| Médium: | Kniha |
| Jazyk: | Undetermined |
| Vydáno: |
New York
Edward Burlinggame Books
1991
|
| Témata: | |
| Tagy: |
Přidat tag
Žádné tagy, Buďte první, kdo otaguje tento záznam!
|
| Thư viện lưu trữ: | Trung tâm Học liệu Trường Đại học Cần Thơ |
|---|
| LEADER | 00538nam a2200193Ia 4500 | ||
|---|---|---|---|
| 001 | CTU_84023 | ||
| 008 | 210402s9999 xx 000 0 und d | ||
| 082 | |a 658.15 | ||
| 082 | |b M257 | ||
| 100 | |a Malone, Micael S. | ||
| 245 | 0 | |a Going public : | |
| 245 | 0 | |b Mips computer and the entrepreneurial dream | |
| 245 | 0 | |c Micael S. Malone | |
| 260 | |a New York | ||
| 260 | |b Edward Burlinggame Books | ||
| 260 | |c 1991 | ||
| 650 | |a Computer industry | ||
| 904 | |i QHieu(sửa) | ||
| 980 | |a Trung tâm Học liệu Trường Đại học Cần Thơ | ||